000 00674nam a2200205 a 4500
001 000001807
005 20200929145717.0
008 090629s1973 sp 000 0 spa d
020 _a8450060656
040 _aDO-SdBNP
_bspa
_cBNPHU
082 _axxx
_bH255e
100 1 _aHarberger, Arnold
_95875
240 1 0 _aProject evaluation
245 1 0 _aEvaluación de proyectos /
_cArnold Herberger.
260 _aMadrid :
_bFábrica Nacional de Moneda y timbre,
_c1973.
300 _a367 p. :
_bil. ;
_c25 cm.
500 _aIncluye datos biográficos del autor en la contracubierta.
500 _aIncluye notas al pie de páginas e índice alfabetico por materia
049 _aBNPD
999 _c1684
_d1684